| 000 | 01024cam a2200289 a 4500 | ||
|---|---|---|---|
| 999 |
_c4736 _d4736 |
||
| 001 | 12849977 | ||
| 003 | GBCCL | ||
| 005 | 20241126110525.0 | ||
| 008 | 020711r20021992ilua b 001 0 eng | ||
| 010 | _a 2002027648 | ||
| 020 | _a0830826971 (alk. paper) | ||
| 040 |
_aDLC _cDLC _dDLC |
||
| 050 | 0 | 0 |
_aBS680.W78 _bP47 2002 |
| 082 | 0 | 0 |
_a248.3 _a248.309015 _221 _bPET |
| 100 | 1 |
_aPeterson, David, _d1944- _98652 |
|
| 245 | 1 | 0 |
_aEngaging with God : _ba biblical theology of worship / _cDavid Peterson |
| 260 |
_aEngland : _bApollos, _c1992 |
||
| 300 |
_a317 p. : _bill. ; _c23 cm. |
||
| 500 | _aOriginally published: 1992. | ||
| 504 | _aIncludes bibliographical references and indexes. | ||
| 630 | 0 | 0 |
_aBible _xTheology. _9357 |
| 650 | 0 |
_aWorship _xBiblical teaching. _98653 |
|
| 650 | 0 |
_aPublic worship _xBiblical teaching. _98654 |
|
| 906 |
_a7 _bcbc _corignew _d1 _eocip _f20 _gy-gencatlg |
||
| 942 |
_2ddc _cBK _011 |
||